Statistics for US Naval Ship Classification Symbols

Click here to take the quiz!

General Stats

  • This quiz has been taken 68 times
  • The average score is 11 of 15

Answer Stats

HintAnswer% Correct
Fleet Aircraft CarrierCV
100%
BattleshipBB
98%
DestroyerDD
97%
Fleet Aircraft Carrier- Nuclear PoweredCVN
93%
SubmarineSS
92%
Light CruiserCL
81%
Guided Missile DestroyerDDG
81%
Submarine- Nuclear PoweredSSN
81%
Littoral Combat ShipLCS
76%
Guided Missile CrusierCG
75%
Heavy CruiserCA
66%
Guided Missile FrigateFFG
59%
Amphibious Assault ShipLHA
34%
MinesweeperAM
22%
Cargo ShipAK
19%

Score Distribution

Percentile by Number Answered

Percent of People with Each Score

Your Score History

You have not taken this quiz